| 000 | 00000nam 2200000za 4500 |
| 001 | 9.643393 |
| 003 | CaOODSP |
| 005 | 20210624224140 |
| 007 | cr ||||||||||| |
| 008 | 150407|2014||||xxc|||||o f|0| 0 fre d |
| 020 | |a978-0-660-22248-6 |
| 040 | |aCaOODSP|bfre |
| 043 | |an-cn--- |
| 086 | 1 |aY9-18/2014F-PDF |
| 110 | 1 |aCanada. |bBureau du conseiller sénatorial en éthique. |
| 245 | 10|aRapport d'enquête en vertu du Code régissant les conflits d'intérêts des sénateurs concernant le sénateur Pierre-Hugues Boisvenu |h[ressource électronique] |
| 260 | |aOttawa - Ontario : |bConseiller sénatorial en éthique |cLe 25 juin 2014. |
| 300 | |a26p.|bréférences |
| 590 | |a15-01|b2015-01-02 |
| 775 | 08|tInquiry report under the Conflict of Interest Code for Senators concerning Senator Pierre-Hugues Boisvenu |w(CaOODSP)9.699406 |
| 776 | 0#|tInquiry report |w(CaOODSP)9.677829 |
| 776 | 0#|tRapport d'enquete |w(CaOODSP)9.677830 |
| 856 | 40|ahttp://publications.gc.ca|qPDF|s884 Ko|uhttps://publications.gc.ca/collections/collection_2014/sen/Y9-18-2014-fra.pdf |